00521cam a22002052 4500001001100000005001700011008004100028020001200069020001500081040001500096100003800111245005900149250001200208260003700220300001100257362001300268650002800281852000300309852000300312000000619220151021151109.0070924s xx 000 0 eng d cKES 750 a9966286705 aKABUcKABU1 aSaleemi, Nisar Ahmad.@000015129910aAdvanced financial accounting simplified :bvolume II. a2nd ed. aNairobi :bN. A. Saleemi,c1998. a503 p.0 avol. II. 0aAccounting.@00001483211 1